| 000 | 00906nam a2200205Ia 4500 | ||
|---|---|---|---|
| 003 | Ost | ||
| 005 | 20260507074853.0 | ||
| 008 | 260507s9999||||xx |||||||||||||| ||und|| | ||
| 040 | _cfsecg | ||
| 041 | _aara | ||
| 100 |
_aعبد الله، شوقي _eمؤلف |
||
| 245 | 0 |
_aإدارة الوقت ومدارس الفكر الإداري / _c شوقي عبد الله |
|
| 260 |
_aعمان: _bدار أسامة للنشر و التوزيع, _c2006 |
||
| 300 |
_a160 صفحة؛ _bإيضاحات ؛ _c24 سم |
||
| 504 | _aبيبليوغرافيا: ص.153 | ||
| 520 | _aيضم مفهوم وأهمية علم الادارة، مدارس الفكر الاداري، مفهوم وأهمية الوقت، إدارة الوقت، مبادئ إدارة الوقت، كيفية استفادة المنظمات من إدارة الوقت | ||
| 653 | _aالادارة | ||
| 653 | _aالوقت | ||
| 942 | _cكتاب | ||
| 999 |
_c41589 _d41589 |
||